Every Other Letter Countries Quiz Stats

 Plays Quiz Updated Jul 2, 2018

Challenge
Share
Tweet
Embed
Score 0/26 Timer 07:00
3 Plays Today
Alternate letters Country % Correct
U K YTurkey
84%
I IFiji
77.1%
O OTogo
70.6%
J B U IDjibouti
70.5%
O A B Q EMozambique
66.5%
Y G Z T NKyrgyzstan
60%
O W YNorway
59.7%
N T D T T S F M R CUnited States of America
58.3%
G PEgypt
57.9%
S A I IeSwatini
56.7%
A Z N ATanzania
53.2%
F H N S AAfghanistan
48.6%
W T E L NSwitzerland
47.1%
Alternate letters Country % Correct
U E B U GLuxembourg
45.1%
Z E I T NUzbekistan
44.3%
I B B EZimbabwe
42.2%
A A A C RMadagascar
41.7%
A N K T S N N V SSaint Kitts and Nevis
39.9%
N T D R B M R T SUnited Arab Emirates
37.6%
A N V N E T N T E R N D N SSaint Vincent and the Grenadines
32.6%
E Z A A DNew Zealand
30.5%
E T A A R C N E U L CCentral African Republic
28.4%
A G A E H Bangladesh
26.8%
O N A N H R E O I ABosnia and Herzegovina
25.4%
E H R A DNetherlands
25.1%
A U N W U N APapua New Guinea
13.1%

You're not logged in!

Compare scores with friends on all Sporcle quizzes.
Join for Free
OR
Log In

You Might Also Like...

Show Comments

Extras

Top Quizzes Today


Score Distribution

Your Account Isn't Verified!

In order to create a playlist on Sporcle, you need to verify the email address you used during registration. Go to your Sporcle Settings to finish the process.

Report this User

Report this user for behavior that violates our Community Guidelines.

Details: